Sports Quiz

Random Sports or NFL Quiz

NFL Division Leaders 2011 Passing/Rushing/Receiving Quiz Stats

 Plays Quiz not verified by Sporcle

Also try: NFL Mascot Blitz
Challenge
Share
Tweet
Embed
Score 0/56 Timer 12:00
0 Plays Today
Category Player % Correct
AFC West Passing YardsPhilip Rivers
97.6%
AFC West Passing TD'sPhilip Rivers
97.6%
NFC North Receiving YardsCalvin Johnson
96.7%
NFC North Receiving TD'sCalvin Johnson
96.7%
NFC North ReceptionsCalvin Johnson
96.7%
NFC East Passing YardsEli Manning
96.4%
AFC East Passing YardsTom Brady
96.1%
AFC East Passing TD'sTom Brady
96.1%
NFC North Passing TD'sAaron Rodgers
95.5%
NFC South Passing YardsDrew Brees
95.2%
NFC South Passing TD'sDrew Brees
95.2%
AFC West Receiving TD'sVincent Jackson
94.9%
NFC West Passing YardsAlex Smith
94.6%
NFC West Passing TD'sAlex Smith
94.6%
NFC South Receiving YardsSteve Smith
94.6%
AFC North Passing YardsBen Roethlisberger
93.7%
AFC North Passing TD'sBen Roethlisberger
93.7%
NFC North Passing YardsMatthew Stafford
93.7%
NFC East Passing TD'sTony Romo
92.8%
AFC North Rushing YardsRay Rice
92.5%
AFC North Rushing TD'sRay Rice
92.5%
AFC North ReceptionsRay Rice
92.5%
AFC East Receiving YardsWes Welker
92.2%
AFC East ReceptionsWes Welker
92.2%
NFC West Rushing YardsFrank Gore
91.6%
AFC South Rushing TD'sArian Foster
90.7%
NFC East Receiving YardsVictor Cruz
90.4%
NFC East ReceptionsVictor Cruz
90.4%
Category Player % Correct
AFC East Receiving TD'sRob Gronkowski
90.1%
NFC East Rushing YardsLeSean McCoy
90.1%
NFC East Rushing TD'sLeSean McCoy
90.1%
NFC North Rushing YardsMatt Forte
89.9%
NFC North Rushing TD'sAdrian Peterson
89%
AFC East Rushing YardsReggie Bush
88.1%
AFC South Rushing YardsMaurice Jones-Drew
87.8%
NFC West Rushing TD'sMarshawn Lynch
87.8%
NFC South Rushing YardsMichael Turner
87.2%
AFC West Rushing YardsWillis McGahee
86.9%
AFC North Receiving YardsMike Wallace
86.9%
AFC North Receiving TD'sMike Wallace
86.9%
NFC West Receiving YardsLarry Fitzgerald
86.6%
NFC West Receiving TD'sLarry Fitzgerald
86.6%
NFC West ReceptionsLarry Fitzgerald
86.6%
NFC South Receiving TD'sJimmy Graham
84.2%
AFC South Passing YardsMatt Hasselbeck
83.9%
AFC South Passing TD'sMatt Hasselbeck
83.9%
NFC South ReceptionsRoddy White
83.6%
AFC West Receiving YardsDwayne Bowe
81.8%
AFC West ReceptionsDwayne Bowe
81.8%
NFC South Rushing TD'sCam Newton
78.8%
AFC East Rushing TD'sBenJarvus Green-Ellis
75.5%
AFC South ReceptionsReggie Wayne
75.5%
AFC South Receiving YardsNate Washington
65.4%
AFC South Receiving TD'sNate Washington
65.4%
AFC West Rushing TD'sMike Tolbert
62.7%
NFC East Receiving TD'sLaurent Robinson
47.8%

You're not logged in!

Compare scores with friends on all Sporcle quizzes.
Join for Free
OR
Log In

You Might Also Like...

Show Comments

Extras

Top Quizzes Today


Score Distribution

Your Account Isn't Verified!

In order to create a playlist on Sporcle, you need to verify the email address you used during registration. Go to your Sporcle Settings to finish the process.

Report this User

Report this user for behavior that violates our Community Guidelines.

Details: